| 000 | 00584nam a2200181Ia 4500 | ||
|---|---|---|---|
| 008 | 100921s9999 xx 000 0 und d | ||
| 082 |
_b28231 _a891.463 थ 96 |
||
| 100 | _aबोधे व.बा. | ||
| 245 | _aबुलबुल. | ||
| 260 |
_bगौरी प्रकाशन,पुणे. _c1996 |
||
| 300 |
_a172 _bकल्याणी सप्लायर्स |
||
| 365 | _b110 | ||
| 520 | _aललित-कादंबरी. | ||
| 630 | _aबुलबुल. | ||
| 650 | _aललित-कादंबरी. | ||
| 730 | _aबुलबुल. | ||
| 942 | _cBOOK | ||
| 999 |
_c777344 _d777341 |
||